000 00512nam a22001817a 4500
003 OSt
005 20250401095329.0
008 250204s2011 ag ||||| |||| 00| 1 spa d
020 _a978987042255
040 _cbesoc
100 _aCortázar, Julio
_eautor
_d1914-1984
245 1 0 _aTodos los fuegos el fuego /
_cJulio Cortázar
260 _aBuenos Aires :
_bAlfaguara,
_c2011
300 _a222 p.
490 0 _aBiblioteca Julio Cortázar
650 4 _aLiteratura argentina
_vCuentos
_ySiglo XX
942 _2udc
_cOG
_n0
999 _c465
_d465